| 000 | 00880nam a2200325 a 4500 | ||
|---|---|---|---|
| 003 | AR-BaBNM | ||
| 005 | 20251128210404.0 | ||
| 008 | 082120s2002 ||||||||||||||000 | spa|| | ||
| 020 | _a968-16-3245-5 | ||
| 040 | _cAR-BaBNM | ||
| 100 | 1 | _aSaitta, Armando | |
| 245 | 0 | 0 | _aGuía crítica de la historia antigua |
| 260 |
_aMéxico, D.F. _bFondo de Cultura Económica _c1996 |
||
| 300 | _a250 p. | ||
| 490 | 0 |
_aBreviarios _vv. 481 |
|
| 504 | _aAl final de cada capítulo se encuentra la bibliografía para consultar | ||
| 650 | 4 | _aHISTORIOGRAFIA | |
| 650 | 4 | _aPREHISTORIA | |
| 650 | 4 | _aESCRITURA | |
| 650 | 4 | _aCIVILIZACION | |
| 650 | 4 | _aCIUDADES ANTIGUAS | |
| 650 | 4 | _aHISTORIA ANTIGUA | |
| 650 | 4 | _aCULTURA ANTIGUA | |
| 651 | 4 | _aRoma | |
| 651 | 4 | _aPersia | |
| 651 | 4 | _aGrecia | |
| 700 | 1 |
_aMastrangelo, Stella _etraductor |
|
| 942 | _cBK | ||
| 998 | _cMariana | ||
| 999 |
_c15270 _d15270 |
||